000 00615nam a2200217Ia 4500
003 GCL
008 140319s9999 xx 000 0 ara d
040 _aGCL /
_cGCL
082 0 4 _a338.46
_bا ص
100 1 _aامين هويدى
245 1 0 _aصناعة الاسلحة فى اسرائيل /
_cامين هويدى
260 _a[S.N] :
_bدار المستقبل ،
_c1986
300 _a223
490 _a
650 0 4 _aالسياسة
650 0 4 _aاسرائيل
650 0 4 _aالاسلحة الذرية
650 0 4 _aصناعة الاسلحة
650 0 4 _aتجارة الاسلحة
942 _2ddc
_cBK
999 _c35749
_d35749